| 000 | 00899nam a2200229 a 4500 | ||
|---|---|---|---|
| 999 |
_c10975 _d10975 |
||
| 001 | 10975 | ||
| 003 | BD-JhCC | ||
| 005 | 20220814134022.0 | ||
| 008 | 190610s2002 ii |||| |||| 000 0 ben d | ||
| 020 | _a817255026 | ||
| 035 | _a(BD-JhCC)10975 | ||
| 040 |
_aBD-JhCC _dBD-JhCC |
||
| 041 | _aben | ||
| 082 |
_a891.443 _bNAR 2002 |
||
| 100 | _aগঙ্গোপাধ্যায়, নারায়ণ | ||
| 245 |
_aটেনিদা সমগ্র / _cনারায়ণ গঙ্গোপাধ্যায়, এবং সম্পাদনায় প্রণবকুমার মুখোপাধ্যায় |
||
| 260 |
_aকলিকাতা : _bআনন্দ, _c২০০২. |
||
| 300 |
_a৫০৪ পৃ. : _c২০ সেমি. |
||
| 650 | _aBengali Novel | ||
| 700 | _aমুখোপাধ্যায়, প্রণবকুমার | ||
| 942 |
_2ddc _cBK _010 |
||